000 01109cam a2200301 i 4500
001 11058
003 Mx-PuUPA
005 20240410103454.0
008 140415s1993 mx a gr 000 0 spa d
020 _a9682612292
040 _aMx-PuUPA
_bspa
_cMx-PuUPA
_dMx-PuUPA
_erda
041 1 _aspa
_heng
100 1 _aJackson, Peter C.,
_eautor
240 1 0 _aCorporate communication for managers.
_lEspañol
245 1 0 _aComunicación corporativa para ejecutivos /
_cPeter C. Jackson ; traducida por Jorge Rodríguez Rodríguez
250 _aPrimera edición
264 1 _aMéxico, D.F. :
_bCompañía Editorial Continental,
_c1993
300 _a157 páginas :
_bilustraciones ;
_c23 cm
336 _2rdacaontent
_atexto
_btxt
337 _2rdamedia
_asin medio
_bn
338 _2rdacarrier
_avolumen
_bnc
650 7 _aComunicación en administración
_2armarc
700 1 _aRodríguez Rodríguez, Jorge,
_etraductor
765 0 8 _aJackson, Peter C.,
_tCorporate communication for managers.
_z0273026887
942 _2ddc
_cLI
_h658.45
_iJ125
999 _c11058
_d11058